Từ điển bách khoa phụ nữ Việt Nam
Salvato in:
| Autore principale: | |
|---|---|
| Natura: | Libro |
| Lingua: | Undetermined |
| Pubblicazione: |
H.
Phụ Nữ
2002
|
| Soggetti: | |
| Tags: |
Aggiungi Tag
Nessun Tag, puoi essere il primo ad aggiungerne! !
|
| Thư viện lưu trữ: | Trung tâm Học liệu Trường Đại học Cần Thơ |
|---|
| LEADER | 00530nam a2200193Ia 4500 | ||
|---|---|---|---|
| 001 | CTU_52092 | ||
| 008 | 210402s9999 xx 000 0 und d | ||
| 020 | |b 76000 | ||
| 082 | |a 305.4 | ||
| 082 | |b D513 | ||
| 100 | |a Huỳnh Thị Dung | ||
| 245 | 0 | |a Từ điển bách khoa phụ nữ Việt Nam | |
| 245 | 0 | |c Huỳnh Thị Dung và Nguyễn Thu Hà | |
| 260 | |a H. | ||
| 260 | |b Phụ Nữ | ||
| 260 | |c 2002 | ||
| 650 | |a women | ||
| 650 | |z vietnam | ||
| 980 | |a Trung tâm Học liệu Trường Đại học Cần Thơ | ||